La phonétique
Guardado en:
| Autor principal: | |
|---|---|
| Formato: | Libro |
| Lenguaje: | Undetermined |
| Publicado: |
París, Francia
Universite de France
1968
|
| Edición: | 7 |
| Materias: | |
| Etiquetas: |
Agregar Etiqueta
Sin Etiquetas, Sea el primero en etiquetar este registro!
|
MARC
| LEADER | 00000nam a2200000Ia 4500 | ||
|---|---|---|---|
| 008 | 170316s9999 xx 000 0 und d | ||
| 090 | |a 410 M-3p | ||
| 100 | |a Malmberg, Bertil | ||
| 245 | |a La phonétique | ||
| 250 | |a 7 | ||
| 260 | |a París, Francia | ||
| 260 | |b Universite de France | ||
| 260 | |c 1968 | ||
| 300 | |a 126 páginas | ||
| 650 | |a LINGÜÍSTICA | ||
| 999 | |c 18624 |d 18624 | ||
| 040 | |a cru BVZT | ||
| 942 | |c 15 D |h 410 M-3p |2 z | ||
